Fundamentos teóricos de los métodos topográficos / (Registro nro. 532)
[ vista simple ]
| 000 -LEADER | |
|---|---|
| fixed length control field | 01303nam a2200289Ia 4500 |
| 003 - CONTROL NUMBER IDENTIFIER | |
| control field | PE SENCICO BE |
| 005 - DATE AND TIME OF LATEST TRANSACTION | |
| control field | 20251020182441.0 |
| 008 - FIXED-LENGTH DATA ELEMENTS--GENERAL INFORMATION | |
| fixed length control field | 200515s9999 xx 000 0 und d |
| 020 ## - INTERNATIONAL STANDARD BOOK NUMBER | |
| International Standard Book Number | 84-95279-27-4 |
| 040 ## - CATALOGING SOURCE | |
| Original cataloging agency | PE SENCICO BE |
| Transcribing agency | PE SENCICO BE |
| 041 ## - LANGUAGE CODE | |
| Language code of text/sound track or separate title | spa |
| 082 ## - DEWEY DECIMAL CLASSIFICATION NUMBER | |
| Classification number | 526.9 |
| Item number | S21U |
| 100 1# - MAIN ENTRY--PERSONAL NAME | |
| Personal name | Sánchez Ríos, Alonso |
| 9 (RLIN) | 3301 |
| Relator term | autor |
| 245 10 - TITLE STATEMENT | |
| Title | Fundamentos teóricos de los métodos topográficos / |
| Statement of responsibility, etc. | Alonso Sánchez Ríos |
| 250 ## - EDITION STATEMENT | |
| Edition statement | 1a ed. |
| 260 ## - PUBLICATION, DISTRIBUTION, ETC. | |
| Place of publication, distribution, etc. | Madrid : |
| Name of publisher, distributor, etc. | Bellisco Ediciones Técnicas y Científicas, |
| Date of publication, distribution, etc. | 2000 |
| 300 ## - PHYSICAL DESCRIPTION | |
| Extent | 258 páginas : |
| Other physical details | ilustraciones, tablas, gráficos ; |
| Dimensions | 24 cm. |
| 490 ## - SERIES STATEMENT | |
| Series statement | Biblioteca técnica universitaria. |
| -- | Geodesia y topografía ; |
| Volume/sequential designation | 2 |
| 504 0# - BIBLIOGRAPHY, ETC. NOTE | |
| Bibliography, etc. note | Bibliografía: p. 255-258. |
| 505 0# - FORMATTED CONTENTS NOTE | |
| Formatted contents note | Sistemas de coordenadas en topografía -- Métodos de agrimensura -- Radiación -- Itinerarios -- Intersecciones inversas -- Intersecciones directas -- Triangulación -- Trilateración topográfico -- Efectos de la curvatura terrestre y de la refracción atmosférica -- Nivelación geométrica o por alturas -- Nivelación trigonométrica o por pendientes |
| 650 10 - SUBJECT ADDED ENTRY--TOPICAL TERM | |
| Topical term or geographic name entry element | Topografía |
| 9 (RLIN) | 4 |
| 650 20 - SUBJECT ADDED ENTRY--TOPICAL TERM | |
| Topical term or geographic name entry element | Métodos topográficos |
| 9 (RLIN) | 1235 |
| 650 20 - SUBJECT ADDED ENTRY--TOPICAL TERM | |
| Topical term or geographic name entry element | Geodesia |
| 9 (RLIN) | 2 |
| 650 20 - SUBJECT ADDED ENTRY--TOPICAL TERM | |
| Topical term or geographic name entry element | Planimetría |
| 9 (RLIN) | 1232 |
| 650 20 - SUBJECT ADDED ENTRY--TOPICAL TERM | |
| Topical term or geographic name entry element | Altimetría |
| 9 (RLIN) | 3228 |
| 942 ## - ADDED ENTRY ELEMENTS (KOHA) | |
| Koha item type | Libros |
| Source of classification or shelving scheme | Dewey Decimal Classification |
| Fecha de la última vez que lo usaron | Número de ingreso o de inventario | Pago total | Signatura topográfica completa | Código de barras | Precio efectivo desde | Tipo de documento | Estado perdido | Sistema de clasificación | Estado dañado | No es para préstamo | Retirado | Ubicación permanente | Ubicación actual | Fecha de adquisición |
|---|---|---|---|---|---|---|---|---|---|---|---|---|---|---|
| 15/05/2020 | 14649 | 526.9/S21U | BibLima25100019 | 15/05/2020 | Libros | Dewey Decimal Classification | Biblioteca Central Lima | Biblioteca Central Lima | 15/05/2020 |